| 000 | 01036cam a2200325ui 4500 | ||
|---|---|---|---|
| 001 | 200448223 | ||
| 003 | TR-AnTOB | ||
| 005 | 20251229142446.0 | ||
| 007 | ta | ||
| 008 | 171227s2003 tu f 000 0 tur d | ||
| 020 | _a9756592281 | ||
| 040 |
_aTR-AnTOB _beng _erda _cTR-AnTOB |
||
| 041 | 0 | _atur | |
| 050 | 0 | 0 |
_aHJ2906.5 _b.I35 2003 |
| 090 | _aTOBBK HJ2906.5 .I35 2003 | ||
| 245 | 0 | 0 |
_a2003 yılı vergi rehberi : _b(açıklamalı-örnekli) / _chazırlayanlar: Şakir Dorukkaya, Mehmet Sarıtaş, İsmail Ergüneş. |
| 246 | _aVergi rehberi | ||
| 264 | 1 |
_aAnkara : _bOluş Yayıncılık, _c2003. |
|
| 300 |
_a86 pages : _btables ; _c18 cm |
||
| 336 |
_atext _btxt _2rdacontent |
||
| 337 |
_aunmediated _bn _2rdamedia |
||
| 338 |
_avolume _bnc _2rdacarrier |
||
| 650 | 7 |
_aVergilendirme _zTürkiye _987331 |
|
| 700 | 1 |
_aDorukkaya, Şakir _eeditor _965134 |
|
| 700 | 1 |
_aSarıtaş, Mehmet _eeditor _954005 |
|
| 700 | 1 |
_aErgüneş, İsmail _eeditor _9151357 |
|
| 942 |
_2z _cBK |
||
| 999 |
_c200448223 _d66435 |
||